Hacking exposed: Network sercurity secrects and solutions (0 07 219381 4)

Saved in:
Bibliographic Details
Main Author: STUART MCCLURE
Format: Book
Language:Undetermined
Published: McGraw-Hill 2001
Tags: Add Tag
No Tags, Be the first to tag this record!
Institutions: Trung tâm Học liệu Trường Đại học Cần Thơ
LEADER 00457nam a2200145Ia 4500
001 CTU_49624
008 210402s9999 xx 000 0 und d
082 |a 005.8 
082 |b M128 
100 |a STUART MCCLURE 
245 0 |a Hacking exposed: Network sercurity secrects and solutions (0 07 219381 4) 
245 0 |c STUART MCCLURE, Joel Scambray, George Kurtz 
260 |b McGraw-Hill 
260 |c 2001 
980 |a Trung tâm Học liệu Trường Đại học Cần Thơ